Tűz az újszegedi állomáson rövid hír
Elmentve itt :
| Dokumentumtípus: | Cikk |
|---|---|
| Megjelent: |
1915-10-19
|
| Sorozat: | Délmagyarország
4 No. 252 |
| Kulcsszavak: | Tűzeset Újszeged 1915, Újszeged |
| Online Access: | http://dmarchiv.bibl.u-szeged.hu/57541 |
| LEADER | 00435nab a2200145 i 4500 | ||
|---|---|---|---|
| 001 | delm57541 | ||
| 005 | 20180927144633.0 | ||
| 008 | 180927s1915 hu o 0|| hun d | ||
| 040 | |a SZTE Délmagyarország Archívum |b hun | ||
| 041 | |a hun | ||
| 245 | 0 | 0 | |a Tűz az újszegedi állomáson |h [elektronikus dokumentum] : |b rövid hír |
| 260 | |c 1915-10-19 | ||
| 300 | |a 6 | ||
| 490 | 0 | |a Délmagyarország |v 4 No. 252 | |
| 695 | |a Tűzeset Újszeged 1915, Újszeged | ||